书目信息 |
| 题名: |
艾青谈诗
|
|
| 作者: | 艾青 | |
| 分册: | ||
| 出版信息: | 广州 花城出版社 1982.5 |
|
| 页数: | 220页 | |
| 开本: | 20cm | |
| 丛书名: | ||
| 单 册: | ||
| 中图分类: | I207.25 | |
| 科图分类: | ||
| 主题词: | 文学--中国 | |
| 电子资源: | ||
| ISBN: | ||
| 000 | 00511nam0 2200205 45 | |
| 001 | 0312221749 | |
| 005 | 20040417112138.2 | |
| 010 | @dCNY0.63 | |
| 091 | @a10261.134 | |
| 100 | @a20031222d1982 km y0chiy0120 ea | |
| 101 | @achi | |
| 105 | @a z 000yy | |
| 200 | 1 | @a艾青谈诗@AAi Qing Tan Shi@f艾青@FAi Qing |
| 210 | @a广州@c花城出版社@d1982.5 | |
| 215 | @a220页@d20cm | |
| 606 | 0 | @a文学@x中国 |
| 690 | @aI207.25@v3 | |
| 701 | 0 | @a艾青 |
| 801 | @aCN@bTSTCL@c20031222 | |
| 905 | @dI207.25@e126@f2@b89591-592 | |
| 艾青谈诗/艾青.-广州:花城出版社,1982.5 |
| 220页;20cm |
| ISBN :CNY0.63 |
| ● |
| 相关链接 |
|
|
|
|
正题名:艾青谈诗
索取号:I207.25/126
 
预约/预借
| 序号 | 登录号 | 条形码 | 馆藏地/架位号 | 状态 | 备注 |
| 1 | 0089591 | 000731293 | 第二借阅区/ [索取号:I207.25/126] | 在馆 | |
| 2 | 0089592 | 000731300 | 第二借阅区/ [索取号:I207.25/126] | 在馆 |